| 000 | 01078nam a2200241Ia 4500 | ||
|---|---|---|---|
| 001 | 16077 | ||
| 003 | GE_BSU | ||
| 008 | 181216s||||||||xx |||||||||||||| ||und|| | ||
| 020 | _aISBN 99928-0-854-3 | ||
| 040 | _cGE_BSU | ||
| 080 | _a581.526.42(479.22) + 630(479.22) + 630.187(479.22) | ||
| 100 | _aქვაჩაკიძე, რევაზ | ||
| 245 | _aსაქართველოს ძირეული ტყეები | ||
| 245 | _bანთროპოგენური სუქცესიები, აღდგენა, რეკონსტრუქცია | ||
| 245 | _cრედ.: ალექსანდრე ციცვიძე | ||
| 260 | _aთბილისი. | ||
| 260 | _bმეცნიერება | ||
| 260 | _c2004 | ||
| 300 | _a101გვ;20სმ. | ||
| 300 | _b- რეზ. რუს. და ინგლ. ენ.. - ბიბლიოგრ.: გვ. 95-99. | ||
| 653 | _aსაქართველოს ტყეები; ტყეების აღდგენა; ტყის ტიპები; | ||
| 942 | _cBK | ||
| 999 |
_c49166 _d49166 |
||